00932nam a2200217Ia 450000500170000000800410001702000150005808200170007311000470009024501860013725000190032330000250034261000460036765000650041365000620047826400510054033600270059133700330061833800280065104000350067920220317001226.0160825s2003 ck g 000 0 spa  a958929895804a025.1bA71a42 aArchivo General de la Nación. (Bogotá)10aApuntes para la organización del archivo general del municipio, 4baplicación de las tablas de retención documental (primera parte)cArchivo General de la Nación de Colombia a1a. edición  a7 páginas c22 cm 2 aArchivo General de la Nación (Colombia)142LEMBaTablas de retención documental vGuías zColombia 142LEMB aAdministración de archivos vGuías zColombia  aBogotábArchivo General de la Naciónc2003 atextobtxt2rdacontent asin mediaciónbn2rdamedia avolumenbnc2rdacarrier aCO-BoRNBPbspaerdacCO-BoRNBP